00338pab a2200121 454500008004000000100002900040245004700069260000900116300001400125362000800139650002600147773004300173180718b2006 xxu||||| |||| 00| 0 eng d aSrivastav, Avinash Kumar aCoping with stress in organisational roles c2006 ap.110-28. aJul aOccupational diseases aIndian Journal of Industrial Relations